Statistiken für Deutsche ICE-Bahnhöfe

Klicken Sie hier um das Quiz zu spielen!

Allgemein

  • Dieses Quiz wurde 5.544 mal gespielt
    (1.593 seit der letzten Aktualisierung)
  • Das Durchschnittsergebnis liegt bei 37 aus 90

Antwortstatistiken

Bahnhof% Korrekt
Berlin Hbf
88%
München Hbf
85%
Hamburg Hbf
84%
Frankfurt (Main) Hbf
83%
Köln Hbf
83%
Stuttgart Hbf
83%
Bremen Hbf
81%
Dortmund Hbf
79%
Hannover Hbf
79%
Leipzig Hbf
78%
Aachen Hbf
76%
Kiel Hbf
75%
Düsseldorf Hbf
74%
Nürnberg Hbf
74%
Essen Hbf
71%
Mainz Hbf
70%
Augsburg Hbf
68%
Dresden Hbf
68%
Erfurt Hbf
61%
Bonn Hbf
60%
Mannheim Hbf
60%
Freiburg (Breisgau) Hbf
59%
Hamburg-Altona
58%
Rostock Hbf
57%
Duisburg Hbf
54%
Karlsruhe Hbf
54%
Wiesbaden Hbf
54%
Bielefeld Hbf
52%
Wolfsburg Hbf
52%
Ulm Hbf
51%
Münster (Westf) Hbf
50%
Schwerin Hbf
50%
Bochum Hbf
49%
Würzburg Hbf
47%
Ingolstadt Hbf
46%
Osnabrück Hbf
46%
Braunschweig Hbf
45%
Frankfurt (Main) FlughafenFernbahnhof
45%
Halle (Saale) Hbf
45%
Regensburg Hbf
45%
Darmstadt Hbf
43%
Koblenz Hbf
43%
Berlin Ostbahnhof
42%
Göttingen
42%
Heidelberg Hbf
41%
Wuppertal Hbf
40%
Berlin-Spandau
39%
Köln Messe/Deutz
39%
Aschaffenburg Hbf
37%
Hamm (Westf) Hbf
36%
Fulda
35%
Passau Hbf
34%
Bamberg
31%
Berlin-Gesundbrunnen
31%
Berlin Südkreuz
31%
Hamburg-Harburg
31%
Kassel-Wilhelmshöhe
30%
Erlangen
29%
Baden-Baden
27%
Hanau Hbf
27%
Oberhausen Hbf
27%
Hagen Hbf
25%
Düsseldorf Flughafen Fernbahnhof
24%
Gießen
24%
München-Pasing
24%
Hamburg Dammtor
23%
Hildesheim Hbf
23%
Lüneburg
22%
Celle
20%
Frankfurt (Main) Süd
20%
Offenburg
20%
Solingen Hbf
20%
Marburg (Lahn)
19%
Stralsund Hbf
19%
Dresden-Neustadt
17%
Lutherstadt Wittenberg
17%
Eisenach
15%
Siegburg/Bonn
15%
Uelzen
15%
Neumünster
14%
Gotha
11%
Bitterfeld
10%
Riesa
9%
Bad Hersfeld
7%
Bruchsal
6%
Weinheim (Bergstr) Hbf
6%
Bensheim
5%
Friedberg (Hess)
5%
Plattling
5%
Bützow
3%

Verteilung der Resultate

Perzentil nach korrekt beantworteten Fragen

Anzahl Personen mit jedem Resultat

Ihre Resultats-Entwicklung

Sie haben dieses Quiz seit der letzten Aktualisierung nicht gespielt